00871cam a2200217 a 450000100100000000500170001000800410002704000250006804100130009308200170010610000350012324000330015824501450019126000260033630000280036253400410039065000580043170000290048995201200051899900150063800000314020200929150336.0720717s1966 ck a 001 m spa  aDO-SdBNPbspacBNPHU17aspaheng a810.9bF654p1 aFoerster, Norman,d1887-9990810aImage of America.lEspañol10aPanorama de las letras norteamericanas :bsu literatura desde el puritanismo a nuestros días /cNorman Foerster ; traductora, Nuria Pares. aCali :bNorma,c1966. a215 p. :bil. ;c21 cm. pTítulo original:tImage of America 4aLiteratura estadounidensexHistoria y crítica967861 aPares, Nuria,etr.99909 001052708MOaGRbGRcHDd2009-07-06iLF1l0o810.9 F654pp3140-10r2020-06-25w2020-06-25y2ZPréstamo interno c2971d2971